| 000 | 01231nam a22003737a 4500 | ||
|---|---|---|---|
| 003 | CHAP | ||
| 005 | 20220817042521.0 | ||
| 008 | 971013s1984 r 00010 d | ||
| 010 | _a46920 | ||
| 011 | _a47892 | ||
| 035 | _a52035 | ||
| 040 | _cCHAP | ||
| 090 | _aFolleto 10431 | ||
| 110 | _aFAO | ||
| 245 |
_aRoedores como plagas de productos almacenados _b: control y manejo |
||
| 260 |
_aRoma : _bFAO, _c1984 |
||
| 300 |
_a40 p. _b: ilus. |
||
| 490 |
_aFAO. TecnologĂa postcosecha _v; 3 |
||
| 590 |
_aBATCH-UPD _b10 _c20130110 _lUCH01 _h0059 |
||
| 590 |
_aBATCH-UPD _b10 _c20130110 _lUCH01 _h1641 |
||
| 590 |
_aBATCH-UPD _b10 _c20130410 _lUCH01 _h1032 |
||
| 590 |
_aBATCH-UPD _b10 _c20130914 _lUCH01 _h0913 |
||
| 590 |
_aCONVERSION _b10 _c20130109 _lUCH01 _h1326 |
||
| 650 | 1 | 4 |
_aCereales _xPlagas. _921450 |
| 650 | 1 | 4 |
_aControl de plagas. _927595 |
| 650 | 1 | 4 |
_aRoedores. _999027 |
| 700 | 0 |
_aElias, Donald J. _936278 |
|
| 830 | 0 |
_aFAO. TecnologĂa postcosecha _v; 3 _939703 |
|
| 901 | _aBK | ||
| 942 | _cFOLL | ||
| 949 |
_aFolleto 10431 _bBC _cFAO _d33724002344248 _eFAO1 _i52035 _si |
||
| 949 |
_aFolleto 10431 _bBC _cFAO _d33724002344256 _eFAO2 _fc.3 _i52035 _sb |
||
| 949 |
_aFolleto 10431 _bBC _cFAO _d33724002344264 _eFAO2 _fc.2 _i52035 _sb |
||
| 999 |
_c46920 _d46920 |
||